000 00594nam a2200181 u 4500
001 000641570
003 AM-YeHGA
005 20250617140829.0
008 090313s1962 ||| r 000 0 rus d
040 _aAM-YeHGA
041 1 _arus
_haze
100 1 _aХалил, Зейнал
245 1 0 _aЗвезды :
_bРоман в стихах : Перевод с азербайджанского /
_cЗейнал Халил.
260 _aМосква :
_bСов. писатель,
_c1962.
300 _a143 с. :
_bил.
653 0 _aАзербайджанская поэзия
090 _c228980
999 _c227437
_d227437